000 00809nas a2200253 4500
001 BR0302114
003 BR-BrBNA
005 20231205103733.0
007 ta
008 230509b bl.|||p| |||| 00| 00por d
040 _aBR-BrBNA
_bpor
_cBiblioteca Nacional de Agricultura
041 _a(Pt)
072 _aP40
100 1 _aSilva, F. de A.S. e
100 1 _aRao, T.V.R.
245 1 _aRegimes pluviais, estação chuvosa e probabilidade de ocorrência de veranicos no Estado do Ceará
650 _aPRECIPITAÇÃO PLUVIAL
650 _aVERANICO
650 _aCHUVA
650 _aCEARÁ
773 0 _tRevista Brasileira de Engenharia Agrícola e Ambiental (Brazil)
_xISSN 1415-4366
_g(Sep-Dec 2002), v. 6(3) p. 453-459
_wBR0302114
909 _a202311
_bLúcia
_c55
_dLúcia Elande
942 _2AGRIS
_n0
_cANA
999 _c174457
_d174457